Viva In Forensic Medicine And Toxicology (Record no. 74793)

MARC details
000 -LEADER
fixed length control field 00434pam a2200169 a 4500
020 ## - INTERNATIONAL STANDARD BOOK NUMBER
International Standard Book Number 8171793355
Terms of availability
041 ## - LANGUAGE CODE
Language code of text/sound track or separate title eng
082 ## - DEWEY DECIMAL CLASSIFICATION NUMBER
Classification number 615.1
Item number GUP
100 ## - MAIN ENTRY--PERSONAL NAME
Personal name Gupta, L C.
245 ## - TITLE STATEMENT
Title Viva In Forensic Medicine And Toxicology
Medium Textual Documents
250 ## - EDITION STATEMENT
Edition statement 3rd ed.
260 ## - PUBLICATION, DISTRIBUTION, ETC.
Place of publication, distribution, etc. New Delhi
Name of publisher, distributor, etc. Jaypee Brothers Medical Publishers (P) Ltd.
Date of publication, distribution, etc. 1998
300 ## - PHYSICAL DESCRIPTION
Extent 221.
653 ## - INDEX TERM--UNCONTROLLED
Uncontrolled term Pharmacology
700 ## - ADDED ENTRY--PERSONAL NAME
Personal name modi, N K.
930 ## - EQUIVALENCE OR CROSS-REFERENCE-UNIFORM TITLE HEADING [LOCAL, CANADA]
Uniform title 1502
Holdings
Withdrawn status Lost status Damaged status Not for loan Collection Home library Current library Date acquired Source of acquisition Cost, normal purchase price Total Checkouts Full call number Barcode Date last seen Copy number Price effective from Koha item type
          Poona College of Pharmacy, Pune Poona College of Pharmacy, Pune 06/08/1998 S K Kothari Medical Book Sellers 50.00   615.1 GUP PCP-BMT-675 24/02/2023 3 24/02/2023 Book
          Poona College of Pharmacy, Pune Poona College of Pharmacy, Pune 06/08/1998 S K Kothari Medical Book Sellers 50.00   615.1 GUP PCP-BMT-674 24/02/2023 2 24/02/2023 Book
          Poona College of Pharmacy, Pune Poona College of Pharmacy, Pune 06/08/1998 S K Kothari Medical Book Sellers 50.00   615.1 GUP PCP-BMT-673 24/02/2023 1 24/02/2023 Book